White 2115- wszystkie piosenki (trudna wersja) - Statystyki

Ogólne statystyki
  • Ten quiz został rozwiązany 530 razy
    287 od ostatniego zresetowania
  • Średni wynik to 78 z 147
Statystyki odpowiedzi
Hint Odpowiedź % Poprawnych
Młody książę Rok ft. Kuqe 2115
91%
Rockstar California
88%
Beteo ft. White 2115 Popstar/Rockstar
88%
Rockstar Rockstar
87%
Rockstar: Do zachodu słońca Do zachodu słońca
76%
Rockstar Noc
76%
Młode Wilki 6 Blabla
75%
Rockstar La vida loca
75%
Rockstar Nowi kumple ft Bedoes, Kuqe 2115
75%
Rockstar: Do zachodu słońca Wschód (intro)
75%
Bedoes ft. White 2115, Kosa Wschód (lubię zapierdalać)
75%
White 2115 & Białas- Diamentowy las Diamentowy Las
74%
Rockstar: Do zachodu słońca Morgan
74%
Młody książę Pałac
74%
Hotel Maffija 2 Parapetówa
74%
Rockstar Sen
74%
Hotel Maffija Hotel Maffija
72%
Rockstar Jaki ojciec taki syn
72%
Pretty Boy Pretty Boy
72%
Pretty Boy 18
71%
Młody książę Mogę dziś umierać
71%
Rockstar: Do zachodu słońca Zachód (outro)
71%
Młody książę AMG ft. Malik Montana, Pablo 2115
70%
Rockstar: Do zachodu słońca Hel (Bonus track)
70%
Rockstar Kurt Cobain
70%
Rockstar Balmain
69%
Młody książę Młody książe
69%
SBM Starter Nie ma Boga
69%
Pretty Girl Saint Tropez
69%
Rockstar Sos mula ft Białas
69%
Rockstar Legenda
68%
Rockstar: Do zachodu słońca Oh oh (lalala) ft. Mata
68%
Rockstar: Do zachodu słońca Papieros
68%
Pretty Boy RiRi
68%
Rockstar Jim Morrison
67%
Hotel Maffija 2 Agrest i bez
66%
Friz ft. White 2115, Young Jacob Anioł
66%
Młody książę Byliśmy tu
66%
Rockstar Cry Baby
66%
Pretty Boy Intro
66%
Młody książę Trzy butelki
66%
Rockstar: Do zachodu słońca Porsche
64%
Młody książę + (48) ft. Jan Rapowanie
63%
Pretty Boy Afterparty
63%
Rockstar Anioł stróż
63%
Młody książę M550i ft. PlanBe
63%
Młody książę D.Evil
62%
Hotel Maffija A nie pamiętasz jak?
61%
Pretty Boy Broly
61%
Młody książę Intruz ft. Luna
61%
Mata ft. White 2115 La la la (oh oh)
61%
Żabson ft. White 2115, Beteo Small Town Boy
61%
Pretty Boy Traplife
61%
Rockstar: Do zachodu słońca 2020 (Bonus track)
60%
Pretty Boy Booker (baw się)
60%
Pretty Boy Easy RIder
60%
Rockstar: Do zachodu słońca Jesteśmy tu
60%
SBM Starter Kimś ft. Young Multi
60%
Hotel Maffija 2 (3 000 000 Deluxe) Proste fakty
60%
Rockstar: Do zachodu słońca David ft. Chivas, Mr. Polska
59%
RODZINNY BIZNES RODZINNY BIZNES
59%
Pretty Boy Sąsiedzi
59%
Młody książę Flesz
58%
Hotel Maffija 2 Lawenda
58%
Młody książę GTR
57%
Rockstar: Do zachodu słońca Johnny Knoxville ft. Felivers
57%
Chivas ft. White 2115 Mam na twarzy krew i tym razem nie jest sztuczna
57%
RODZINNY BIZNES 2115
56%
Młody książę DMC
56%
Rockstar: Do zachodu słońca Kap kap ft. Szpaku
56%
White 2115 & Białas- Diamentowy las Mutanci
56%
Singiel Traproom
56%
Młode Wilki 6 Nic za darmo
55%
Pretty Boy Śliczny chłopiec
55%
White 2115 & Białas- Diamentowy las Święto ogródka
55%
Hotel Maffija Zimna noc i szybkie auta
55%
Pretty Boy Buch na dwóch ft. Białas
54%
White 2115 & Białas- Diamentowy las Jesień w diamentowym lesie
54%
White 2115 & Białas- Diamentowy las Lombard dusz
54%
White 2115 & Białas- Diamentowy las Różowy śnieg
53%
Pretty Boy Najmłodszy Łajcior
52%
Hotel Maffija Dla sióstr
51%
Młody książę John Travolta ft. Żabson
51%
Rockstar: Do zachodu słońca Krzyki na blokach
51%
Pretty Girl Nic na pokaz
51%
Młody książę Triple S
51%
Młody książę Wampir
51%
Pretty Boy Bulletproof
50%
Młody książę Na zawsze
50%
White 2115 & Białas- Diamentowy las Nie lubię ku
50%
Rockstar: Do zachodu słońca Parę K ft. Białas
50%
Pretty Boy Pierwszy raz ft. Kinny Zimmer
50%
Hotel Maffija 2 Prometazyna
50%
RODZINNY BIZNES BEDOESIARA
49%
Pretty Boy Milanówek callin' ft. Palar
49%
Młody książę Nie chcę
49%
Maffija jest na zawsze MIXTAPE Gubię kroki
48%
White 2115 & Białas- Diamentowy las Korzenie w bagnie
48%
Rockstar: Do zachodu słońca Skrywam
47%
Chivas ft. White 2115, Szpaku Hellcat Redeye
46%
RODZINNY BIZNES KETCHUP
46%
Hotel Maffija 2 Postanowienia noworoczne
46%
RODZINNY BIZNES WHITE 2115 SKIT
46%
RODZINNY BIZNES WIĘCEJ DYMU
46%
Zeamsone ft. White 2115 ABCD
45%
Hotel Maffija 2 Doba hotelowa
45%
RODZINNY BIZNES BRUCE
44%
Pretty Girl Pół Życia
44%
RODZINNY BIZNES DIAMENTY
42%
White 2115 & Białas- Diamentowy las Afera
41%
Kubi Producent ft. White 2115 Marlboro
41%
RODZINNY BIZNES DRESSCODE
40%
Hotel Maffija Biorę się w garść
38%
Moli ft. White 2115 Mr. Deeds
38%
RODZINNY BIZNES TURYSTA
38%
White 2115, Solar, Jan-Rapowanie, Lanek Znowu wieje wiatr (SBM Label x Żywiec Jasne Lekkie)
38%
RODZINNY BIZNES JAGIEŁŁO
36%
White 2115 & Białas- Diamentowy las Spacer po lecie
35%
White 2115 & Białas- Diamentowy las Czysty diament
34%
Bandura X Hellfield ft. White 2115 Piąta Rano
34%
Adi Nowak ft. White 2115 Hestia
33%
Białas ft. White 2115 Sweet Home
33%
RODZINNY BIZNES WALIZKI
33%
RODZINNY BIZNES NINJA
32%
Żabson ft. White 2115 Dimaria
30%
RODZINNY BIZNES I'M A STAR NOW
30%
RODZINNY BIZNES KAFA LEYLA
30%
RODZINNY BIZNES NA KRAŃCU ŚWIATA
30%
White 2115 & Białas- Diamentowy las Pierwszy słońca blask
30%
RODZINNY BIZNES WEEKEND 2115
30%
Kubi Producent ft. White 2115, Adi Nowak Chemia miłości
29%
Adi Nowak ft. White 2115, Białas PARTY U CHEERLEADEREK
28%
RODZINNY BIZNES TERAZ ALBO NIGDY
28%
RODZINNY BIZNES CATALINA
27%
RODZINNY BIZNES GUGU X 2115
27%
Blacha ft. White 2115 Bez moich braci
26%
Hotel Maffija 2 Łyk i buch
26%
RODZINNY BIZNES STROBO
26%
RODZINNY BIZNES ADELE SKIT
24%
Maffija jest na zawsze MIXTAPE Co ty na to?
24%
Blacha ft. White 2115 Lele
21%
RODZINNY BIZNES WYGLĄDAM PODEJRZANIE
20%
RODZINNY BIZNES ROTWEILER
19%
Maffija jest na zawsze MIXTAPE Sam sobie jadę
19%
Bedoes ft. White 2115 Jon Snow
18%
Blacha ft. White 2115 Trap living
17%
Blacha ft. White 2115 Carpe Diem
15%
Nie znaleziono quizów pasujących do podanych kryteriów
Rozkład punktacji
Procent ludzi z każdym wynikiem
Percentyl według liczby udzielonych odpowiedzi
Twoja historia wyników
Nie rozwiązałeś tego quizu od ostatniego zresetowania